000 00735nam a2200229Ii 4500
003 JO-AjNU
008 230605s9999||||xx |||||||||||||| ||und||
017 _a2008/6/1990
020 _a978-9957-16-431-7
040 _aJO-AjNU
_bara
_erda
_cJO-AjNU
041 _aara
050 1 4 _aJX1245.T35.2009
100 3 _a الطائي ، عادل احمد ,
_eauthor
_925878
245 0 0 _aالقانون الدولي العام : التعريف . المصادر . الأشخاص
250 _aط1
264 3 1 _aعمان : دار الثقافة ، 2009
300 _a333ص
336 _atext
_btxt
_2rdacontent
337 _aunmediated
_bn
_2rdamedia
338 _avolume
_bnc
_2rdacarrier
650 4 _aالقانون الدولي
_925879
999 _aA9736
_c13304
_d13304